Man Utd Top Goal scorer Each Season - Statistics

General Stats
  • This quiz has been taken 81 times
    19 since last reset
  • The average score is 26 of 34
Answer Stats
Season Amount Answer % Correct
2004/05 11 Wayne Rooney
100%
2009/10 26 Wayne Rooney
100%
2011/12 27 Wayne Rooney
100%
2013/14 17 Wayne Rooney
100%
2014/15 12 Wayne Rooney
100%
2020/21 18 Bruno Fernandes
94%
2006/07 17 Cristiano Ronaldo
94%
2007/08 31 Cristiano Ronaldo
94%
2008/09 18 Cristiano Ronaldo
94%
2021/22 24 Cristiano Ronaldo
94%
2023/24 10 Rasmus HojlundBruno Fernandes
94%
2024/25 8 Amad DialloBruno Fernandes
89%
2019/20 17 Anthony Martial Marcus Rashford
89%
2025/26 9 Bryan MbeumoBenjamin Sesko
89%
2022/23 17 Marcus Rashford
89%
1997/98 15 Andy Cole
78%
2010/11 20 Dimitar Berbatov
78%
2016/17 17 Zlatan Ibrahimovic
78%
2015/16 11 Anthony Martial
72%
1996/97 18 Ole Gunnar Solskjaer
72%
1993/94 18 Eric Cantona
67%
1995/96 14 Eric Cantona
67%
2012/13 26 Robin van Persie
67%
2018/19 13 Paul Pogba
61%
2017/18 16 Romelu Lukaku
61%
2001/02 23 Ruud van Nistelrooy
61%
2002/03 25 Ruud van Nistelrooy
61%
2003/04 20 Ruud van Nistelrooy
61%
2005/06 21 Ruud van Nistelrooy
61%
1998/99 18 Dwight Yorke
56%
1999/00 20 Dwight Yorke
56%
2000/01 15 Teddy Sheringham
56%
1992/93 15 Mark Hughes
44%
1994/95 14 Andrei Kanchelskis
28%
No matching quizzes found
Score Distribution
Percent of People with Each Score
Percentile by Number Answered
Your Score History
You have not taken this quiz since the last reset